Normal view
MARC view
- التعليم الخاص -- معجم مصطلحات
Entry Topical Term
001 - CONTROL NUMBER
- control field: 23231
003 - CONTROL NUMBER IDENTIFIER
- control field: JO-AjAnu
005 - DATE AND TIME OF LATEST TRANSACTION
- control field: 20230606074010.0
008 - FIXED-LENGTH DATA ELEMENTS
- fixed length control field: 230606|| aca||aabn | a|a d
040 ## - CATALOGING SOURCE
- Original cataloging agency: JO-AjAnu
- Transcribing agency: JO-AjAnu
150 ## - HEADING--TOPICAL TERM
- Topical term or geographic name entry element: التعليم الخاص -- معجم مصطلحات
670 ## - SOURCE DATA FOUND
- Source citation: Work cat.: (JO-AjAnu)11939: الخطيب، جمال محمد سعيد , author 23230, معجم مصطلحات التربية الخاصة والخدمات المساندة : إنجليزي-عربي